000 00581nam a2200205 a 4500
999 _c13431
_d13431
003 PK-NaQUE
005 20260325123038.0
008 260325b ||||| |||| 00| 0 eng d
020 _a0071763473 (paperback)
020 _a9780071763479 (paperback)
040 _cQUEST
082 _a513.83LIP
100 1 _aLipschutz, Seymour.
245 1 0 _aSchaum's Outline Series of General Topology
260 _aSingapore:
_bMcGraw-Hill,
_c1981.
300 _a339p. ;
650 _aTopology
856 _uhttp://10.10.170.122:8080/browse/book/19235
_yDownload eBook
942 _cBK
_2ddc